000 00664nam a2200265Ia 4500
005 20260324153058.0
008 008 260324s9999 xx 000 0 eng d
020 _a9780080969848
037 _aEBOOK
040 _aCRL
040 _beng
040 _cCRL
041 _2eng
041 _aeng
084 _qCRL
100 _aSeetharaman, Seshadri
_91230530
245 0 _aTreatise on Process Metallurgy, Volume 2: Process Phenomena
260 _bElsevier
260 _c2013
650 _aMaterials Science
856 _uhttps://www.sciencedirect.com/science/book/9780080969848
942 _cEBOOK
999 _c1841708
_d1841708